| 000 | 00558nam a2200205Ia 4500 | ||
|---|---|---|---|
| 003 | OSt | ||
| 005 | 20241004093843.0 | ||
| 008 | 210210b1959 xxu||||| |||| 00| 0 eng d | ||
| 040 | _cAL | ||
| 041 | _aKannada | ||
| 082 | _a859/1217 | ||
| 100 |
_aBICHI BALLARI _9131525 _dಬೀಚಿ ಬಳ್ಳಾರಿ |
||
| 245 |
_aChinnada kasa _bಚಿನ್ನದ ಕಸ |
||
| 260 |
_aBengaluru _bSharada Prakatanalalya _c1959 |
||
| 650 |
_akasa _9131526 |
||
| 650 |
_aChinnada _9131527 |
||
| 690 |
_aKannada Fiction _9131528 |
||
| 906 | _a021958 | ||
| 942 |
_2ddc _cBK |
||
| 999 |
_c146064 _d146064 |
||